| 000 | 02699nam a2200349 a 4500 | ||
|---|---|---|---|
| 001 | C01369874c-8 | ||
| 003 | CO-MdFUSB | ||
| 005 | 20180622170020.0 | ||
| 008 | 130227s2012 ck a gr 00010 spa d | ||
| 020 | _a9789588422633 | ||
| 040 |
_aCO-BoBLA _bspa _cCO-MdFUSB _dCO-MdFUSB _erda |
||
| 041 | 0 | _aspa | |
| 043 | _acl------ | ||
| 082 | 0 | 4 |
_aG 261.55 _bC569c _224 |
| 245 | 1 | 0 |
_aCiencia y religión _b: horizontes de relación desde el contexto latinoamericano _c/ Director Jaime Laurence Bonilla ; Alexander Moreira ... [et al.]. |
| 264 | 1 |
_aBogotá : _bUniversidad de San Buenaventura. Facultad de Teología, _c℗2012 |
|
| 264 | 4 | _c©2012 | |
| 300 |
_a315 páginas : _bilustraciones ; _c24 cm. |
||
| 336 |
_2rdacontent _a1 _ba1 |
||
| 337 |
_2rdamedia _a2 _b5 |
||
| 338 |
_2rdacarrier _a2 _b5 |
||
| 490 | _aSerie teológica | ||
| 504 | _aBibliografía (p. 291- 310) | ||
| 505 | _aIntroducción. Ciencia y religión desde América Latina. p.13.-- Capítulo 1. El diálogo teología-ciencia en la teología de la creación latinoamericana. Hitos de un itinerario. p.19.-- Capítulo 2. Diálogo entre teología y ciencia, desde un enfoque metodológico interdisciplinar. p.37.-- Capítulo 3. La teología al encuentro del pensamiento complejo. perspectivas para el diálogo entre las ciencias y la teología. p.53.-- Capítulo 4. La ciencia y las razones de la fe. p.69.-- Capítulo 5. Finalidad y naturaleza : el puente filosófico para el diálogo entre ciencia y religión. p.101.-- Capítulo 6. El incuestionable poder de la inferencia. p.121.-- Capítulo 7. Los confines de la racionalidad de las ciencias empíricas natuales respecto del diálogo con la religión cristiana. p.149.-- Capítulo 8. Mito: de " el otro de la razón" a la razón del otro. Anoraciones sobre la racionalidad mítica como eje central de la relación entre ciencia y religión en América Latina. p.159.-- Capítulo 9. ¿ Son razonables las creencias religiosas? una hermenéutica de las relaciones entre creencia y conocimiento. p.193.-- Capítulo 10. Relevancia de la religión y la ciencia en la perspectiva de la racionalidad científico-técnica contemporánea. p.223.-- Capítulo 11. ¿ Puede la ciencia ( positiva) actual develar el misterio del hombre?. p.237.-- Capítulo 12. Diagnóstico diferencial entre las experiencias espirituales y psicóticas no-patológicas y los trastornos mentales: una contribución al ICD-11 desde los estudios latinoamericanos. p.261. | ||
| 650 | 7 |
_aReligión y ciencia _9259 |
|
| 650 | _aCreencia y duda. | ||
| 700 | 1 | _aBonilla Morales, Jaime Laurence. | |
| 700 | 1 | _aMoreira, Alexander. | |
| 942 | _cBK | ||
| 949 |
_ac _bc |
||
| 999 |
_c63894 _d63894 |
||